INFLUENCE OF TECHNOLOGY ON MODERN PROCUREMENT IN THE ORGANIZATIONAL PERFORMANCE (Record no. 215976)

MARC details
000 -LEADER
fixed length control field 00489nam a22001457a 4500
008 - FIXED-LENGTH DATA ELEMENTS--GENERAL INFORMATION
fixed length control field 250730b |||||||| |||| 00| 0 eng d
050 ## - LIBRARY OF CONGRESS CALL NUMBER
Classification number THE HD 38.5 .N93 2016
Item number C. 1
100 ## - MAIN ENTRY--PERSONAL NAME
Personal name NYAGAKA, EUVONNE NYABOKE
245 ## - TITLE STATEMENT
Title INFLUENCE OF TECHNOLOGY ON MODERN PROCUREMENT IN THE ORGANIZATIONAL PERFORMANCE
Remainder of title A CASE STUDY OF GUSII WATER AND SEWARAGE COMPANY
260 ## - PUBLICATION, DISTRIBUTION, ETC.
Place of publication, distribution, etc. KISII
Name of publisher, distributor, etc. KSU
Date of publication, distribution, etc. 2016
300 ## - PHYSICAL DESCRIPTION
Extent X, 37P., ILL:
500 ## - GENERAL NOTE
General note INCLUDES INDEX
942 ## - ADDED ENTRY ELEMENTS (KOHA)
Source of classification or shelving scheme Library of Congress Classification
Koha item type Reference
Holdings
Withdrawn status Lost status Source of classification or shelving scheme Damaged status Not for loan Collection Home library Current library Date acquired Inventory number Total checkouts Full call number Barcode Date last seen Copy number Price effective from Koha item type
    Library of Congress Classification   Not for loan Special Research Kisii University Library Kisii University Library 07/30/2025 84710   THE HD 38.5 .N93 2016 000000020973 07/30/2025 C.1 07/30/2025 Reference